MARC

LEADER 00000nas a2200000 a 4500
001 ssj0000118
003 WaSeSS
005 20200512172242.0
006 m d
007 cr n
008 050614c19799999maumn p s 0 0eng c
010 |a  2012236793 
022 |y 0162-8968 
035 |a (WaSeSS)ssj0000118 
040 |a OCLCS  |b eng  |c OCLCS  |d GAO  |d OCLCQ  |d NOC  |d OCLCO  |d OCLCQ  |d OCLCF  |d OCLCO  |d OCLCQ  |d DYJ  |d Z5A  |d WT2  |d OCLCQ  |d AU@  |d VT2  |d OCLCQ  |d UUM  |d WaSeSS 
042 |a pcc 
043 |a n-us--- 
050 4 |a HD2346.U5  |b I52 
082 0 4 |a 658/.022 
130 0 |a Inc. (Boston, Mass. : Online) 
245 1 0 |a Inc  |h [electronic resource]. 
246 1 3 |a Inc. technology 
260 |a [Boston, MA] :  |b [United Marine Pub.] 
310 |a Monthly (Except January and August),  |b 2011- 
321 |a Frequency varies,  |b 1979-2000 
321 |a 13 times a year,  |b <2001-> 
321 |a Monthly,  |b 2004-2010 
362 1 |a Electronic coverage as of Aug. 14, 2008: Jan. 1, 1996- 
500 |a Beginning in 1995, has four issues per year called: Inc. technology, and two "special issues", all of which have volume numbering intermingled with the regular monthly issues and results in a total of 18 issues per year; Issues for <2003-> have 13 issues a year including a special Fall issue called: The Inc. 500. 
500 |a Issues for <Nov. 1992-> published by Inc. Publishing Co.; Sept. 2001- by Gordon Lee Jones. 
506 |a License restrictions may limit access. 
538 |a Mode of access: World Wide Web. 
588 0 |a Oct. 15, 1998; title from cover (viewed Aug. 14, 2008). 
588 1 |a Vol. 34, no. 4 (May 1, 2012) (viewed May 30, 2012). 
650 0 |a Small business  |z United States  |v Periodicals. 
650 0 |a Going public (Securities)  |z United States  |v Directories. 
650 0 |a Business  |v Periodicals. 
650 6 |a Petites et moyennes entreprises  |z États-Unis  |v Périodiques. 
650 6 |a Affaires  |v Périodiques. 
650 7 |a Small Business.  |2 ebps 
650 7 |a Management.  |2 ebps 
650 7 |a Business.  |2 fast  |0 (OCoLC)fst00842262 
650 7 |a Going public (Securities)  |2 fast  |0 (OCoLC)fst00944353 
650 7 |a Small business.  |2 fast  |0 (OCoLC)fst01121223 
650 1 7 |a Bedrijven.  |2 gtt 
651 7 |a United States.  |2 fast  |0 (OCoLC)fst01204155 
655 0 |a Electronic journals. 
770 0 |t Inc. office guide 
770 0 |t Inc. ... directory of office products 
770 0 |t Inc. 500 
776 0 8 |i Print version:  |t Inc. (Boston, Mass.)  |x 0162-8968  |w (DLC) 79643168  |w (OCoLC)4251282 
856 4 0 |z Full text available from Research Library: 12/01/1987 to 04/30/2001  |u https://search.proquest.com/publication/47921 
856 4 0 |z Full text available from Research Library: 01/01/2003 to 05/31/2012  |u https://search.proquest.com/publication/47921